| 000 | 00978nas a2200313 4500 | ||
|---|---|---|---|
| 001 | BR2010000607 | ||
| 003 | BR-BrBNA | ||
| 005 | 20231205113857.0 | ||
| 007 | ta | ||
| 008 | 230509b bl.|||p| |||| 00| 00por d | ||
| 040 |
_aBR-BrBNA _bpor _cBiblioteca Nacional de Agricultura |
||
| 041 | _a(Pt) | ||
| 072 | _aL73 | ||
| 100 | 1 | _aFaria, A.C.S. de | |
| 100 | 1 | _aSilva, M.C. da | |
| 100 | 1 | _aOliveira Filho, J.X. | |
| 100 | 1 | _aOliveira, J.T. de | |
| 100 | 1 | _aPaula, D.A.J. de | |
| 100 | 1 | _aChitarra, C.S. | |
| 100 | 1 | _aNakazato, L. | |
| 100 | 1 | _aDutra, V. | |
| 245 | 1 | _aPrevalência de Streptococcus suis tipo 2 por meio da técnica de reação em cadeia da polimerase em suínos abatidos no estado do Mato Grosso | |
| 650 | _aSUÍNO | ||
| 650 | _aSTREPTOCOCCUS | ||
| 650 | _aMATO GROSSO | ||
| 773 | 0 |
_tCiência Rural (Brazil) _xISSN 0103-8478 _g(Jan 2010), v. 40(1) p. 130-134 _wBR2010000607 |
|
| 909 |
_a202311 _bLúcia _c55 _dLúcia Elande |
||
| 942 |
_2AGRIS _n0 _cANA |
||
| 999 |
_c206070 _d206070 |
||